Fr. Conceicao Rodrigues College of Engineering

Dynamics (Record no. 25450)

MARC details
000 -LEADER
fixed length control field 00267nam a2200133Ia 4500
082 ## - DEWEY DECIMAL CLASSIFICATION NUMBER
Classification number 531.3
Item number NAR
100 ## - MAIN ENTRY--PERSONAL NAME
Personal name Narayanan/S
245 ## - TITLE STATEMENT
Title Dynamics
260 ## - PUBLICATION, DISTRIBUTION, ETC.
Name of publisher, distributor, etc. S.Chand and Co.
Place of publication, distribution, etc. New Dellhi
Date of publication, distribution, etc. 1982
300 ## - PHYSICAL DESCRIPTION
Extent 315
546 ## - LANGUAGE NOTE
Language note ENGLISH
942 ## - ADDED ENTRY ELEMENTS (KOHA)
Koha item type BOOK
Holdings
Withdrawn status Lost status Damaged status Not for loan Collection Home library Current library Date acquired Cost, normal purchase price Total Checkouts Full call number Barcode Date last seen Cost, replacement price Price effective from Koha item type
        CRC Fr. Agnel's C.Rodrigues College of Engineering Fr. Agnel's C.Rodrigues College of Engineering 17/03/2023 17.50   531.3 NAR 196 17/03/2023 17.50 17/03/2023 BOOK
        CRC Fr. Agnel's C.Rodrigues College of Engineering Fr. Agnel's C.Rodrigues College of Engineering 17/03/2023 17.50   531.3 NAR 197 17/03/2023 17.50 17/03/2023 BOOK